Vista normal
Vista MARC
Entrada Título uniforme
Número de registros utilizados en: 2
001 - NÚMERO DE CONTROL
- campo de control: 19648
003 - IDENTIFICADOR DEL NÚMERO DE CONTROL
- campo de control: OSt
005 - FECHA Y HORA DE LA ÚLTIMA TRANSACCIÓN
- campo de control: 20200615032701.0
008 - DATOS DE LONGITUD FIJA
- campo de control de longitud fija: 200615|| aca||aabn | a|a d
040 ## - FUENTE DE LA CATALOGACIÓN
- Centro catalogador/agencia de origen: OSt
- Centro/agencia transcriptor: OSt
130 ## - ENCABEZAMIENTO--TÍTULO UNIFORME
- Título uniforme: A la zaga de tu huella
- Número de parte o sección de la obra: 2
670 ## - FUENTE DE DATOS ENCONTRADOS
- Cita de la fuente: Work cat.: (OSt)6849: Rosario Candelier, Bruno, 1941- 851, Lenguaje, identidad y tradición en las letras dominicanas :, 2004.
